[Event "IECG CM.2005.0.00285"]
[Site "IECG email"]
[Date "2005.08.28"]
[Round "?"]
[White "Ingersol, Harry"]
[Black "Pinoy, Shrewd"]
[Result "1-0"]
[WhiteElo "2400"]
[BlackElo "2311"]
[PlyCount "63"]
[EventDate "2005.08.28"]
[EventType "tourn (corr)"]
[EventRounds "6"]
[SourceTitle "Corr 2008"]
[Source "ChessBase"]
[SourceDate "2008.06.24"]
[SourceVersion "1"]
[SourceVersionDate "2008.06.24"]
[SourceQuality "1"]

1. d4 Nf6 2. c4 e5 3. dxe5 Ng4 4. Bf4 Nc6 5. Nf3 Bb4+ 6. Nbd2 Qe7 7. a3 Ngxe5 8. Nxe5 Nxe5 9. e3 Bxd2+ 10. Qxd2 d6 11. Qc3 0-0 12. c5 Bf5 13. Be2 Rfe8 14. cxd6 cxd6 15. 0-0 Rac8 16. Qd4 Rc2 17. Bb5 Rec8 18. Ba4 R8c4 19. Qxa7 Rxb2 20. Rac1 Rxc1 21. Rxc1 h6 22. Qd4 Ra2 23. Bb3 Rxf2 24. Kxf2 Nd3+ 25. Kg1 Nxc1 26. Bc4 Be6 27. Bf1 Nb3 28. Bxd6 Qd7 29. Qb6 Bd5 30. Qc7 Qxc7 31. Bxc7 Nd2 32. Bd3 1-0

[Event "IECG QM.2005.0.00088 email"]
[Site "IECG email"]
[Date "2005.08.26"]
[Round "?"]
[White "Pinoy, Shrewd"]
[Black "Damnjanovic, Radovan"]
[Result "1/2-1/2"]
[WhiteElo "2311"]
[BlackElo "2244"]
[PlyCount "53"]
[EventDate "2005.08.26"]
[EventType "tourn (corr)"]
[EventRounds "6"]
[SourceTitle "Corr 2008"]
[Source "ChessBase"]
[SourceDate "2008.06.24"]
[SourceVersion "1"]
[SourceVersionDate "2008.06.24"]
[SourceQuality "1"]

1. d4 d5 2. Nf3 Nf6 3. c4 c6 4. Nc3 dxc4 5. a4 Bf5 6. e3 e6 7. Bxc4 Bb4 8. 0-0 Nbd7 9. Qe2 0-0 10. e4 Bg6 11. Bd3 Bh5 12. e5 Nd5 13. Ne4 Be7 14. Ng3 Bg6 15. Bxg6 hxg6 16. Ne4 c5 17. Bg5 cxd4 18. Bxe7 Qxe7 19. Rad1 Nb4 20. Qd2 d3 21. Qf4 a5 22. Qg3 Rad8 23. Nfg5 f6 24. exf6 gxf6 25. Nxe6 Qxe6 26. Qxg6+ Kh8 27. Qh6+ 1/2-1/2